000 00536nam a2200193Ia 4500
005 20250508162242.0
008 008 250505s9999 xx 000 0 eng d
037 _aTextual
040 _aFEDL
_beng
_cFEDL
041 _aeng
_2eng
084 _a157.9, BRO
_qFEDL
100 _aBrown Dennis
245 0 _aIntroducation to psychotherapy
260 _aLondon, UK
_bTavistock Publications Limited
_c1979
300 _ax,228p.
650 _aAbnormal Psychology
942 _cTEXL
_h157.9, BRO
999 _c1375386
_d1375386